San Antonio Spurs NBA Championship Roster - Statistics

General Stats
  • This quiz has been taken 532 times
  • The average score is 7 of 15
Answer Stats
Hint Answer % Correct
21 Tim Duncan
99%
9 Tony Parker
97%
2 Kawhi Leonard
89%
20 Manu Ginobili
81%
4 Danny Green
67%
5 Cory Joseph
55%
33 Boris Diaw
48%
22 Tiago Splitter
48%
8 Patrick Mills
34%
15 Matt Bonner
30%
3 Marco Belinelli
23%
16 Aron Baynes
17%
23 Austin Daye
8%
29 Jeff Ayres
6%
7 Damion James
2%
No matching quizzes found
Score Distribution
Percent of People with Each Score
Percentile by Number Answered
Your Score History
You have not taken this quiz